Chanson à trous : Gérard Lenorman - Si j'étais président - Statistiques

Statistiques générales
  • Ce quiz a été pris 42 fois
  • Le résultat moyen est 8 sur 17
Statistiques - réponses
Couplets Si j'étais président % Correct
4 Je nommerais, bien sur, {Mickey} premier ministre De mon gouvernement, si j'étais président
97%
5 Simplet à la culture me semble une évidence Tintin à la police et Picsou {aux} {finances}
92%
2 Il attendait de moi, une phrase {magique} Je lui dis simplement, si j'étais Président
62%
12 Au bord des fontaines, coulerait de l'orangeade Coluche notre ministre de la {rigolade}
59%
3 Si j'étais Président de la République Jamais plus un enfant n'aurait de {pensée} {triste}
59%
1 Il était une fois, à l'entrée des artistes Un petit {garçon} {blond} au regard un peu triste
56%
9 J'écrirais mes discours en vers et en musique Et les jours de conseil, on irait en {pique}-{nique} On f'rait des trucs marrants, si j'étais Président
56%
7 {Tarzan} serait ministre de l'écologie Bécassine au commerce, Maya à l'industrie
38%
17 Mais ne comptez pas sur moi pour faire de la politique Pas besoin d'être Président, pour {aimer} {les} {enfants}
36%
6 {Zorro} à la justice et Minnie à la danse Est c'que tu serais content, si j'étais président?
36%
8 Je déclarerais publiques toutes {les} {patisseries} Opposition néant, si j'étais Président
33%
10 Je recevrais, la nuit, le corps diplomatique Dans une super {disco} à l'ambiance atomique
31%
15 On pourrait {rigoler} et chahuter sans risques Ce serait le beau temps, si t'étais Président
26%
11 On se ferait {la} {guerre} à grands coups de rythmique Rien ne serait comme avant, si j'étais président
23%
13 Imposerait des {manèges} sur toutes les esplanades On s'éclaterait vraiment, si j'étais président
21%
16 Je s'rais jamais Président de la République Vous les petits malins vous êtes {bien} {sympathiques}
21%
14 Si t'étais Président de la République Pour nous, tes p'tits copains, ça s'rait {super} {pratique}
21%
Aucun quiz correspondant
Distribution des résultats
% des personnes avec chaque résultat
Percentile par nombre de réponses
Votre historique - résultats
Vous n’avez pas pris ce quiz